The chinese civilization: (Record no. 156581)

MARC details
000 -LEADER
fixed length control field 00612nam a22001937a 4500
005 - DATE AND TIME OF LATEST TRANSACTION
control field 20180830100900.0
010 ## - LCCN (DPL NO)
LC control number ENG-123894
020 ## - INTERNATIONAL STANDARD BOOK NUMBER
Terms of availability 195.00
International Standard Book Number 9788192101408
035 ## - SYSTEM CONTROL NUMBER
System control number EN-107426
037 ## - SOURCE OF ACQUISITION
Source of stock number/acquisition DBAD/PUB
082 ## - DEWEY DECIMAL CLASSIFICATION NUMBER
Classification number 951.01
100 ## - MAIN ENTRY--PERSONAL NAME
Personal name Bhattacharyya, Amit
245 ## - TITLE STATEMENT
Title The chinese civilization:
Statement of responsibility, etc by Amit Bhattacharyya
Remainder of title hsia to the ch'in dynasty 2207 BC-206 BC /
260 ## - PUBLICATION, DISTRIBUTION, ETC. (IMPRINT)
Date of publication, distribution, etc 2011
Place of publication, distribution, etc Kolkata
Name of publisher, distributor, etc Rachayita
270 ## - ADDRESS
Address 59/5, Garfa Main Road
City Kolkata
Postal code 700075
300 ## - PHYSICAL DESCRIPTION
Dimensions 21cm.(pbk.)
Extent 181p.
Other physical details ill.(Maps)
500 ## - GENERAL NOTE
General note It includes bibliography
942 ## - ADDED ENTRY ELEMENTS (KOHA)
Item type English Books
Source of classification or shelving scheme Dewey Decimal Classification
Call number suffix BHA
Classification part 951.01
Holdings
Withdrawn status Lost status Not for loan Collection code Home library Current library Date acquired Source of acquisition Cost, normal purchase price Full call number Barcode Copy number Cost, replacement price Koha item type
      Non-fiction Bawana Bawana 29/08/2018 DBAD/PUB 195.00 951.01 BHA EN-107426 1 195.00 English Books

© Delhi Public Library
Hit Counter
free hit counter